000 00270nam a2200109Ia 4500
008 200302s9999 xx 000 0 und d
100 _aNrc
245 _aCommentaries on Part of the National Building Code
260 _bPrinted in Canada
260 _c1977
300 _a154 P.,
999 _c553
_d553